| 000 | 00000nam##2200000za#4500 |
| 001 | 9.587637 |
| 003 | CaOODSP |
| 005 | 20210624194729 |
| 007 | cr ||||||||||| |
| 008 | 150406|2008||||xxc|||||o f|0| 0 eng|d |
| 022 | |a1701-1280 |
| 040 | |aCaOODSP|beng |
| 041 | |aeng |
| 041 | |afre |
| 043 | |an-cn--- |
| 086 | 1 |aFs70-4/2008-017-PDF |
| 110 | 1 |aCanada. |bDepartment of Fisheries and Oceans. |
| 245 | 10|aProceedings of the Maritimes regional science advisory process on the assessment of Bay of Fundy scallop / |h[electronic resource]|cTana Worcester, chair. |
| 260 | |aOttawa - Ontario : |bFisheries and Oceans Canada |cAugust 2008. |
| 300 | |a21p.|btable |
| 490 | 1 |aCanadian Science Advisory Secretariat proceedings series|x1701-1280|v2008/017 |
| 500 | |a"5 December 2007, Bedford Institute of Oceanography, Dartmouth, Nova Scotia". |
| 546 | |aChiefly English, with bilingual foreword and summary. |
| 590 | |a11-31-Supp|b2011-12-13 |
| 792 | |tCompte rendu de la réunion du Processus de consultation scientifique régional des Maritimes sur l'évaluation des stocks de pétoncle de la baie de Fundy / |efre|w(CaOODSP)9.587638 |
| 830 | #0|aProceedings series (Canadian Science Advisory Secretariat)|x1701-1280|v2008/017|w(CaOODSP)9.500507 |
| 856 | 40|ahttp://publications.gc.ca|qPDF|s113 KB|uhttps://publications.gc.ca/collections/collection_2011/mpo-dfo/Fs70-4-2008-017.pdf|y2008/017 |